Fundamentos de la teoría de los números
Spremljeno u:
| Glavni autor: | |
|---|---|
| Format: | Knjiga |
| Jezik: | ruski španjolski |
| Izdano: |
Moscú
Mir
1971
|
| Teme: | |
| Oznake: |
Dodaj oznaku
Bez oznaka, Budi prvi tko označuje ovaj zapis!
|
MARC
| LEADER | 00000nam a2200000 a 4500 | ||
|---|---|---|---|
| 001 | UCW0788 | ||
| 003 | CL-VaPUC | ||
| 008 | 890627e19710000RU |||||||||||||||||rus|d | ||
| 041 | 0 | 7 | |a rus |2 CL-VaPUC |
| 041 | 0 | 7 | |a spa |2 CL-VaPUC |
| 082 | 0 | 4 | |a 512.7 |b VIN |2 21 |
| 100 | 0 | |a Vinogradov, Ivan Matveevich |e author |9 304724 | |
| 245 | 1 | 0 | |a Fundamentos de la teoría de los números |
| 300 | |a 207 p | ||
| 942 | |c BK | ||
| 945 | |d 19890627 00:00:00 | ||
| 260 | |a Moscú |b Mir |c 1971 | ||
| 650 | 0 | |a Teoría de números |9 265327 | |
| 583 | |a last modification |c 20120528 09:36:39 |k Rodrigo Vera | ||
| 999 | |c 215846 |d 215844 | ||
| 952 | |0 0 |1 0 |4 0 |6 512_700000000000000_VIN_1971 |7 0 |8 A |9 200947 |a BIBMAT |b BIBMAT |d 2019-11-14 |i 2680874 |o 512.7 VIN 1971 |p 2680874 |r 2025-01-07 |w 2019-11-14 |y BK |k MAT | ||
| 952 | |0 0 |1 0 |4 0 |6 512_700000000000000_VIN_1971 |7 0 |8 A |9 200949 |a BIBMAT |b BIBMAT |d 2019-11-14 |i 2680890 |o 512.7 VIN 1971 |p 2680890 |r 2025-01-07 |w 2019-11-14 |y BK |k MAT | ||